000 00657nam a22002057a 4500
003 0
005 20250408112033.0
008 241010b xxu||||| |||| 00| 0 eng d
020 _a9781984689344
050 _aQA 76.73
_b.Ia26 2024
100 _aIancu, Lavinia
_eauthor.
245 _aBasic computer coding :
_bpython /
_cLavinia Iancu.
250 _a3rd ed.
260 _aNew York, NY :
_b3G E-Learning LLC.,
_c2024.
300 _axiv, 355 p. :
_bcol. ill. ;
_c26 cm.
504 _aIncludes bibliographical references and index.
650 _aBasic (Computer program language).
650 _aElectronic digital computers
_vProgramming.
942 _2lcc
_cBK
999 _c366491
_d366491